Kashmir mein vilavkari aur prati viplavakari gatividhiyon evam rashtriya suraksha par isake prabhav (Record no. 394581)

MARC details
000 -LEADER
fixed length control field 00519nam a22001697a 4500
005 - DATE & TIME
control field 20251208123006.0
008 - FIXED-LENGTH DATA ELEMENTS--GENERAL INFORMATION
fixed length control field 251208b |||||||| |||| 00| 0 eng d
040 ## - CATALOGING SOURCE
Original cataloging agency VIVEKANANDA LIBRARY
082 ## - DDC NUMBER
Classification number 355.02184
Book Number L957K
100 ## - MAIN ENTRY--PERSONAL NAME
Personal name Loyer, Varun Kumar
245 ## - TITLE STATEMENT
Title Kashmir mein vilavkari aur prati viplavakari gatividhiyon evam rashtriya suraksha par isake prabhav
260 ## - PUBLICATION, DISTRIBUTION, ETC. (IMPRINT)
Name of publisher, distributor, etc Department of Defence Studies, M D University, Rohtak
Date of publication, distribution, etc 2025
300 ## - PHYSICAL DESCRIPTION
Pages 293
650 ## - Subject
Subject Defence Studies
700 ## - Added Entry Personal Name
Added Entry Personal Name Siwach, R S
942 ## - ADDED ENTRY ELEMENTS (KOHA)
Koha item type Thesis
Holdings
Withdrawn status Lost status Source of classification or shelving scheme Damaged status Not for loan Location (home branch) Sublocation or collection (holding branch) Shelving location Date acquired Koha issues (times borrowed) Koha full call number Accession No. Koha date last seen Copy number Koha item type
    Dewey Decimal Classification     VIVEKANANDA LIBRARY VIVEKANANDA LIBRARY Vivekananda Library 08/12/2025   355.02184 L957K 411239 08/12/2025 R Thesis
© Designed and Maintained by Vivekananda Library, MDU Rohtak